Normal view
MARC view
Entry Personal Name
001 - CONTROL NUMBER
- control field: 823
003 - CONTROL NUMBER IDENTIFIER
- control field: BD-RjUL
005 - DATE AND TIME OF LATEST TRANSACTION
- control field: 20220120112030.0
008 - FIXED-LENGTH DATA ELEMENTS
- fixed length control field: 220120|| aca||aabn | a|a d
040 ## - CATALOGING SOURCE
- Original cataloging agency: BD-RjUL
- Transcribing agency: BD-RjUL
100 ## - HEADING--PERSONAL NAME
- Personal name: Attia, Mohieldin ;; عطية، محيي الدين
670 ## - SOURCE DATA FOUND
- Source citation: Work cat.: (BD-RjUL)79230: Attia, Mohieldin ;; عطية، محيي الدين, الفكر التربوي الإسلامي : قائمة ببليوغرافية ;; alfikr altarbawiu al'iislamiu : qayimat bibilyughrafia /, 1992